00945nam a2200241Ia 4500001000600000003000900006008004100015040001300056040001300069041001300082100001700095100002900112245006100141245007300202250001100275260000900286260002000295260004900315300005700364500022700421650002400648650003100672 6700IT-RoPAU130308s9999 xx 000 0 und d aIT-RoPAU cIT-RoPAU aITALIANO aEdman Marian gCodice Aut. SPICS: 7009 aLetteratura per i bambini di aree culturalmente depresse bGenitori, ragazzi e Libri-Prospettive psicosociologiche ed Estetiche a1a ed. aROMA bArmando Armando c1970 [1° Ed.:1970 - Ed.Ling.Originale:1967] a"27 p. (prefazione: no ; testo: 27 [pagine: 55-81])" aIncapacità di Linguaggio Mediocre Capacità di Lettura Difficoltà sociologiche e psicologiche svalutazione di Se Setssi ruolo della Letteratura interessi di Lettura e Abitudini del bambino Metodi e Materiale Didattico aEDUCAZIONE AL LIBRO eCodice materia Spics: 6612